000 00501nam a2200193 a 4500
001 1770111162540
003 YourLibrary
005 20260203155517.0
008 260203s2010##################000#0#eng##
020 _a9780141192055
082 0 4 _a305.420973
_bFRI
100 1 _aFriedan, Betty,
_eauthor.
245 1 0 _aThe Feminine Mystique :
260 _bPenguin Classics,
_c2010.
300 _a347 pages
650 0 _aSocial Science.
942 _cENGLISH
040 _aYourLibrary
_beng
_cYourLibrary
999 _c610015
_d610015